000 00858nmm a2200277 a 4500
001 ocm000651426
003 TR-IsHL
005 20201028141430.0
008 131226s2005 tu tur
007 cr cn
020 _a9789758523443
035 _a651426
_b(N$T)
050 0 4 _aPN6287.T8
_bG45 2005
090 0 4 _aPN6287.T8
_bG45 2005
245 1 0 _aGeliştiren sözler
_h[electronic resource] /
_chaz. Banu Kopuz, Fatma Işık
260 _aİstanbul :
_bArmoni Yayınları,
_c2005
300 _a160 p.
650 4 _aDil ve Edebiyat
650 4 _aLanguage and Literature
650 0 _aÖzdeyişler
650 0 _aProverbs
650 7 _aSOCIAL SCIENCE / Folklore & Mythology
_2bisacsh
700 1 _aKopuz, Banu
700 1 _aIşık, Fatma
856 4 0 _uhttp://search.ebscohost.com/login.aspx?direct=true&scope=site&db=e011xww&AN=651426
999 _c7814
_d7814